Visualizzazione normale
Vista MARC
- Flanagan Tommy
di Personal Name
Records bibliografici associati: 1
001 - CONTROL NUMBER
- control field: 32471
003 - CONTROL NUMBER IDENTIFIER
- control field: IT-RoPau
005 - DATE AND TIME OF LATEST TRANSACTION
- control field: 20140630223822.0
008 - FIXED-LENGTH DATA ELEMENTS
- fixed length control field: 140630|| aca||aabn | a|a d
040 ## - CATALOGING SOURCE
- Original cataloging agency: IT-RoPau
- Transcribing agency: IT-RoPau
100 ## - HEADING--PERSONAL NAME
- Personal name: Flanagan Tommy
- Miscellaneous information: Codice autore musica SPICS: 16181
- Relator term: Autore musica
- Name of part/section of a work: Rachel's Rondo - Minor Perhaps
670 ## - SOURCE DATA FOUND
- Source citation: Work cat.: (IT-RoPau)99264: AA.VV. 794, Elusive